000 00713nam a2200205Ii 4500
003 JO-AjNU
008 230605s9999||||xx |||||||||||||| ||und||
040 _aJO-AjNU
_bara
_erda
_cJO-AjNU
041 _aara
050 1 4 _aK5018.A47.1996
100 3 _a ابراهيم، اكرم نشأت ,
_eauthor
_946636
245 0 0 _aالحدود القانونية لسلطة القاضي الجنائي في تقدير العقوبة " دراسة مقارنة "
250 _a(د،ط)
264 3 1 _aعمان : دار الثقافة ، 1996
300 _a377ص
336 _atext
_btxt
_2rdacontent
337 _aunmediated
_bn
_2rdamedia
338 _avolume
_bnc
_2rdacarrier
650 4 _aقانون جنائي
_946637
999 _aA20304
_c23872
_d23872